| 000 | 00408nam a2200145 a 4500 | ||
|---|---|---|---|
| 005 | 20140412111402.0 | ||
| 008 | 060131s19uu xx 00 eng d | ||
| 050 |
_aTR(GS 428.4 _bPo75 1997 |
||
| 245 |
_aPoldy meets taffy, A2 / _cMarilyn Mets. |
||
| 260 |
_aChicago : _bWorld book, _c1997. |
||
| 300 | _a8 p. ; ill. | ||
| 440 | _aWorld Book, Level A | ||
| 650 |
_aReading _xEnglish language |
||
| 999 |
_c105474 _d105474 |
||